| 000 | 00926nam a2200301 a 4500 | ||
|---|---|---|---|
| 999 |
_c12463 _d12463 |
||
| 001 | 12463 | ||
| 003 | BD-JhCC | ||
| 005 | 20220226085822.0 | ||
| 008 | 220226s2013 enk b 000 0 eng d | ||
| 020 | _a9781565645943 | ||
| 020 | _a9781565645936 | ||
| 035 | _a(BD-JhCC)12463 | ||
| 038 | _aUkLoRLUK | ||
| 040 |
_aStGlU _erda _cStGlU _dUkOxU _dBD-JhCC |
||
| 041 | _aeng | ||
| 082 |
_a297.27 _bALI 2013 |
||
| 100 | 1 | _aAli, Haggag. | |
| 245 | 1 | 0 |
_aMapping the secular mind : _bmodernity's quest for a godless utopia / _cHaggag Ali. |
| 260 |
_aLondon : _bThe International Institute of Islamic Thought, _c2013. |
||
| 300 |
_axi, 209 pages ; _c23 cm |
||
| 504 | _aIncludes bibliographical references (pages 203-209) | ||
| 600 | 1 | 0 |
_aElmessiri, Abdelwahab M., _d1938-2008. |
| 600 | 1 | 0 |
_aBauman, Zygmunt, _d1925-2017. |
| 650 | 0 | _aSecularism. | |
| 650 | 0 | _aCivilization, Modern. | |
| 650 | 0 | _aGnosticism. | |
| 942 |
_2ddc _cBK |
||